000 00830nam a2200241 i 4500
001 57185
003 ES-MaACL
005 20250728111236.0
007 t|
008 031015s1983 sp af |||| | spa d
020 _a84-320-4733-3
080 _a215
100 1 _aDitfurth, Hoimar von.
_944884
245 1 0 _aNo somos sólo de este mundo :
_bciencia y religión no se excluyen ni contradicen /
_cHoimar von Ditfurth ; [traducción del alemán por Alfonsina Janés Nadal].
260 _aBarcelona :
_bPlaneta,
_c1983.
300 _a244 p., 1 lám. :
_bil. ;
_c24 cm.
490 1 _aAl filo del tiempo ;
_v23
650 7 _aReligión y ciencia
_2embne
_916806
700 1 _aJanés Nadal, Alfonsina.
_966017
830 1 _aAl filo del tiempo ;
_v23
_9181427
852 _aES-MaACL
_jL-4431
999 _c57185
_d57185